| 000 | 01030nam a2200205 a 4500 | ||
|---|---|---|---|
| 008 | 120416s1995 ||||||||||||||||| || u | ||
| 020 | _a9280808761 | ||
| 050 | _aS 596.7 Lal | ||
| 100 | _aLal, Rattan | ||
| 245 | 1 | 0 | _aSustainable management of soil resources in the humid tropics |
| 260 |
_aTokyo _bUnited N. University Press _c1995 |
||
| 300 | _axvii, 146 p. : ill. | ||
| 350 | _a0.00 | ||
| 500 | _a'UNUP-876'--T.p. verso. -Includes bibliographical references (p. [138]-146). | ||
| 650 | _aSOILS | ||
| 650 | _aSOILS - SUSTAINABLE MANAGEMENT | ||
| 995 |
_aANNEX COLLECTION (Main Library) _D0.00 _e731898 _FCBU-MAIN LIBRARY (Kitwe) _H3 _I10.00 _jS 596.7 Lal _M3 _UAVAILABLE _y029144 _ZAnnex Low-Usage Collection |
||
| 995 |
_aMAIN LIBRARY OPEN ACCESS _D0.00 _e733481 _FCBU-MAIN LIBRARY (Kitwe) _H2 _I10.00 _jS 596.7 Lal _M2 _UAVAILABLE _y45270 _ZMain Library Open Access Collection |
||
| 995 |
_aMAIN LIBRARY OPEN ACCESS _D0.00 _e734367 _FCBU-MAIN LIBRARY (Kitwe) _H6 _I10.00 _jS 596.7 Lal _M6 _UAVAILABLE _y46500 _ZMain Library Open Access Collection |
||
| 999 |
_c80870 _d80870 |
||